000
00249nam a2200109Ia 4500
008
190912s9999||||xx |||||||||||||| ||und||
100
_a
Paul Hannon
245
0
_a
Argentina : A New Era
260
_a
UK
_b
McGraw-Hill
_c
2016
300
_a
250
942
_c
BK
999
_c
7368
_d
7368